000 01061nam a2200277 i 4500
001 5887
003 ES-MaACL
005 20240617101758.0
007 t|
008 890613s1988 sp ||||1| spa d
020 _a84-7658-117-3
080 _a86(Alonso,D.1.06)
245 0 0 _aDámaso Alonso
_b: premio de literatura en lengua castellana "Miguel de Cervantes" (1978) /
_c[Damaso Santos... (et al.)].
250 _a1a ed.
260 _aBarcelona :
_bAnthropos ; Madrid : Direccion General del Libro y Bibliotecas,
_c1988.
300 _a127 p. :
_bfot. bl. y n. ;
_c20 cm.
490 1 _aAmbitos literarios. Premios Cervantes ;
_v3
504 _aBibliogr.: p. 113-120.
600 1 4 _aAlonso, Dámaso,
_d1898-1990-
_xCrítica e interpretación
_920197
700 1 _aSantos, Dámaso,
_d1918-2000
_9103466
710 1 _aEspaña.
_bDirección General del Libro y Bibliotecas.
_93788
830 0 0 _aÁmbitos literarios.
_pPremios Cervantes ;
_v3
_9236240
852 _aES-MaACL
_jL-13022
_bR.115957
_z. - rust.
942 _2udc
999 _c5887
_d5887